Catálogo

NOTAS SOBRE TECNICAS DE RECOLECCION DE DATOS (Registro nro. 17063)

Detalles MARC
000 -LEADER
fixed length control field 00536nam a2200193 a 4500
001 - CONTROL NUMBER
control field 17063
005 - DATE AND TIME OF LATEST TRANSACTION
control field 20180713210141.0
008 - FIXED-LENGTH DATA ELEMENTS--GENERAL INFORMATION
fixed length control field 140415s1982 000 0 spa d
020 ## - INTERNATIONAL STANDARD BOOK NUMBER
International Standard Book Number 9688010243
041 ## - LANGUAGE CODE
Language code of text/sound track or separate title spa
082 ## - DEWEY DECIMAL CLASSIFICATION NUMBER
Classification number 378.007
Item number LOP
100 1# - MAIN ENTRY--PERSONAL NAME
Personal name LOPEZ ZARATE, ROMUALDO
245 10 - TITLE STATEMENT
Title NOTAS SOBRE TECNICAS DE RECOLECCION DE DATOS
260 ## - PUBLICATION, DISTRIBUTION, ETC.
Place of publication, distribution, etc. [s.l.] :
Name of publisher, distributor, etc. SEP,
Date of publication, distribution, etc. 1982
300 ## - PHYSICAL DESCRIPTION
Extent 32
490 ## - SERIES STATEMENT
Series statement TEMAS DE PLANEACION
Volume/sequential designation 3
650 14 - SUBJECT ADDED ENTRY--TOPICAL TERM
Topical term or geographic name entry element INVESTIGACION EDUCATIVA
700 1# - ADDED ENTRY--PERSONAL NAME
Personal name ANGUIANO T., MA. EUGENIA
Relator term coaut.
Existencias
Withdrawn status Lost status Source of classification or shelving scheme Damaged status Not for loan Collection code Home library Current library Shelving location Date acquired Source of acquisition Inventory number Total Checkouts Full call number Barcode Date last seen Price effective from Koha item type
    Dewey Decimal Classification     General Biblioteca Karol Wojtyla Biblioteca Karol Wojtyla Sala general 03/12/2013 Compra 151000000000000000040854   378.007 LOP 35184 05/01/2026 03/12/2013 Libro